Praxis confessarii ad bene excipiendas confessiones, ad instructionem tyronum confessariorum / auctore R. P. D. Alphonso de Ligorio, Sanctae Agathae Gothorum episcopo, et Congregationis SS. Redemptionis institutore. Opus parrochis, confessariis, caeterisque ecclesiasticis viris apprime utile

Detalles Bibliográficos
Autor principal: Alfonso María de Ligorio, santo, 1696-1787
Formato: Libro
Lenguaje:Latin
Publicado: Lugduni : apud Rusand, biblio-typographum ; Parisiis : in Bibliotheca Ecclesiastica, in vico Pot-de-Fer, juxta Ecclesiam S. Sulpicii, n°. 8, 1832.
Materias:
Colección:Banco de datos
Acervo:Centro de Espiritualidad El Carmen. Toluca. Biblioteca Rafael Checa Curi
Descripción Física:VIII, 304 p. ; 17 cm.
Tema general:Teología moral
Notas:Portada tipográfica con pleca en grabado xilográfico. Título de la anteportada: Praxis confesarii. Texto a renglón seguido con paginación en números arábigos, cornisas, titulillos, signaturas y notas a pie de página. Propiedad intelectual: Lugduni, ex typis Rusand. Incluye cabeceras de título con motivos geométricos y plecas en grabado xilográfico. Encuadernación en piel sobre cartón con cantos marmoleados. Número de inventario: 1358 (1165)
LEADER 01393nam a22001810004500
035 |a 664 
041 0 |a lat 
100 1 |a Alfonso María de Ligorio, santo, 1696-1787 
245 1 0 |a Praxis confessarii ad bene excipiendas confessiones, ad instructionem tyronum confessariorum / auctore R. P. D. Alphonso de Ligorio, Sanctae Agathae Gothorum episcopo, et Congregationis SS. Redemptionis institutore. Opus parrochis, confessariis, caeterisque ecclesiasticis viris apprime utile 
260 |a Lugduni : apud Rusand, biblio-typographum ; Parisiis : in Bibliotheca Ecclesiastica, in vico Pot-de-Fer, juxta Ecclesiam S. Sulpicii, n°. 8, 1832. 
300 |a VIII, 304 p. ; 17 cm. 
500 |a Portada tipográfica con pleca en grabado xilográfico. Título de la anteportada: Praxis confesarii. Texto a renglón seguido con paginación en números arábigos, cornisas, titulillos, signaturas y notas a pie de página. Propiedad intelectual: Lugduni, ex typis Rusand. Incluye cabeceras de título con motivos geométricos y plecas en grabado xilográfico. Encuadernación en piel sobre cartón con cantos marmoleados. Número de inventario: 1358 (1165) 
504 |a Al final de la obra está el índice de contenido 
650 1 0 |a Teología moral 
949 |a Fondo Reservado: 1165 
942 |c TOLUCA 
943 |g Centro de Espiritualidad El Carmen. Toluca. Biblioteca Rafael Checa Curi 
999 |c 1080562  |d 1080562